| 000 | 00593cab a2200217 4500 | ||
|---|---|---|---|
| 001 | A354 | ||
| 008 | 090401t1992 xxu||||| |||| 00| 0 eng d | ||
| 035 | _a(Sirsi) u28643 | ||
| 041 | _aeng | ||
| 100 | _aGalleshaw, M.W. | ||
| 245 | _aAppropriate uses of economic characteristics in the sales comparison approach | ||
| 260 | _c1992 | ||
| 350 | _a0 | ||
| 490 |
_aAppraisal Journal _v60(1) January 1992, 91-98(8) |
||
| 650 | _aSALES COMPARISON APPROACH | ||
| 650 | _aUNITED STATES | ||
| 650 | _aVALUATION METHODS | ||
| 690 | _aRATING AND VALUATION | ||
| 942 | _n0 | ||
| 948 | _c04/03/1997 | ||
| 999 |
_c19260 _d19260 |
||